All I Want For Christmas Is You Words - Statistics

General Stats
  • This quiz has been taken 40 times
  • The average score is 233 of 302
Answer Stats
Answer % Correct
A
100%
All
100%
Christmas
100%
For
100%
I
100%
Want
100%
Do
97%
Don't
97%
Is
97%
The
97%
Lot
94%
My
94%
On
94%
Wish
94%
You
94%
Just
91%
Presents
91%
Thing
91%
Tree
91%
Ever
88%
Make
88%
More
88%
Need
88%
One
88%
Could
85%
Know
85%
Own
85%
Than
85%
There
85%
Underneath
85%
About
82%
Baby
82%
Baby,
82%
Care
82%
Come
82%
True
82%
And
76%
To
73%
Oh
70%
Oh-oh,
70%
Me
67%
Santa
61%
This
61%
Hear
58%
Snow
58%
Stocking
58%
Can
55%
Day
55%
Fireplace
55%
So
55%
Won't
55%
Ask
52%
Even
52%
Hang
52%
Claus
48%
Happy
48%
I'm
45%
Much
45%
Here
42%
Mistletoe
42%
Nick
42%
Saint
42%
Tonight
42%
What
42%
With
42%
Holding
39%
It
39%
North
39%
Pole
39%
Tight
39%
Upon
39%
Yeah
39%
Are
36%
List
36%
Send
36%
Toy
36%
Click
30%
Keep
30%
Lights
30%
Shining
30%
Waiting
30%
Awake
27%
Children's
27%
Magic
27%
Of
27%
Reindeer
27%
Stay
27%
Air
24%
Bells
24%
Brightly
24%
Everywhere
24%
Gonna
24%
Laughter
24%
Those
24%
Asking
21%
Bring
21%
Fills
21%
Outside
21%
Ringing
21%
See
21%
Sleigh
21%
'Cause
18%
Door
18%
Please
18%
Really
18%
Singing
18%
Everyone
15%
Right
15%
Sound
15%
Standing
15%
Wanna
12%
No matching quizzes found
Score Distribution
Percent of People with Each Score
Percentile by Number Answered
Your Score History
You have not taken this quiz